七重内陸市町村 - Statistics

General Stats
  • This quiz has been taken 57 times
  • The average score is 6 of 9
Answer Stats
都道府県 市区町村名 % Correct
行田市
74%
東松山市
74%
埼玉県 羽生市
72%
群馬県 邑楽郡 千代田町
68%
邑楽郡 明和町
68%
比企郡 吉見町
64%
北本市
64%
比企郡 滑川町
64%
児玉郡 美里町
57%
No matching quizzes found
Score Distribution
Percent of People with Each Score
Percentile by Number Answered
Your Score History
You have not taken this quiz